<?xml version="1.0" encoding="UTF-8"?><?xml-stylesheet type="text/xsl" href="static/style.xsl"?><OAI-PMH xmlns="http://www.openarchives.org/OAI/2.0/" xmlns:xsi="http://www.w3.org/2001/XMLSchema-instance" xsi:schemaLocation="http://www.openarchives.org/OAI/2.0/ http://www.openarchives.org/OAI/2.0/OAI-PMH.xsd"><responseDate>2026-04-17T11:33:05Z</responseDate><request verb="GetRecord" identifier="oai:www.recercat.cat:2117/85920" metadataPrefix="marc">https://recercat.cat/oai/request</request><GetRecord><record><header><identifier>oai:recercat.cat:2117/85920</identifier><datestamp>2025-07-17T16:28:08Z</datestamp><setSpec>com_2072_1033</setSpec><setSpec>col_2072_452951</setSpec></header><metadata><record xmlns="http://www.loc.gov/MARC21/slim" xmlns:dcterms="http://purl.org/dc/terms/" xmlns:xsi="http://www.w3.org/2001/XMLSchema-instance" xmlns:doc="http://www.lyncode.com/xoai" xsi:schemaLocation="http://www.loc.gov/MARC21/slim http://www.loc.gov/standards/marcxml/schema/MARC21slim.xsd">
   <leader>00925njm 22002777a 4500</leader>
   <datafield ind2=" " ind1=" " tag="042">
      <subfield code="a">dc</subfield>
   </datafield>
   <datafield ind2=" " ind1=" " tag="720">
      <subfield code="a">Yanaculis Vives, Kleanthis Alexis</subfield>
      <subfield code="e">author</subfield>
   </datafield>
   <datafield ind2=" " ind1=" " tag="260">
      <subfield code="c">2015-10</subfield>
   </datafield>
   <datafield ind2=" " ind1=" " tag="520">
      <subfield code="a">La evolución de la humanidad en los últimos 50 años ha traído consigo los cambios más radicales&#xd;
que nuestra sociedad haya presenciado en toda su historia. Con los avances tecnológicos y en las&#xd;
telecomunicaciones, hoy en día es casi imposible pasar desapercibidos sucesos que acontecen en&#xd;
cualquier parte del planeta. En cuestión de minutos es del conocimiento de la sociedad global&#xd;
desastres naturales, cambios políticos, fluctuaciones económicas o algo tan común como la victoria&#xd;
en un campeonato de equipos deportivos. El mundo se ha hecho más pequeño gracias a las&#xd;
telecomunicaciones y el internet. Naturalmente estos cambios no afectan solamente a los sectores de&#xd;
las noticias y el entretenimiento, las comunicaciones afectan todas las actividades que involucran al&#xd;
ser humano y de la sociedad.&#xd;
El capitalismo ha logrado alcanzar un lugar monopólico como el orden o sistema social y económico&#xd;
más comúnmente utilizado por los países del mundo. La propiedad privada y el uso del capital como&#xd;
herramienta de producción ha permeado nuestra sociedad a todos los niveles y en todos los lugares&#xd;
del planeta. Son muy pocas las naciones que actualmente funcionan con un orden diferente y&#xd;
actualmente no hay ninguna nación que no sea capitalista en términos de comercio exterior.&#xd;
La economía he evolucionado enormemente en los últimos 50 años, la apertura de las fronteras y la&#xd;
globalización económica permite la aplicación de las económicas de escala a un nivel nunca antes&#xd;
visto. Hoy en día es muy común encontrar clusters dedicados a una misma actividad económica,&#xd;
donde a diferencia de otras épocas, estos custers pueden ser del tamaño de países enteros. El caso&#xd;
más estudiado y más impactante es el del Drago Asiático. China se ha convertido en el fabricante por&#xd;
excelencia a nivel mundial. Actualmente la industria China puede producir bienes a costos muy bajos&#xd;
y de una gran diversidad de calidades. Un fenómeno que no se había presentado antes en la economía&#xd;
mundial.&#xd;
Estados Unidos por su parte sigue ostentando el título de ser uno de los mercados de consumo más&#xd;
importantes del mundo. Con una población de 316,128,839 habitantes y con un gasto promedio por&#xd;
hogar de 31,227 USD en 2013. Es el mercado objetivo de muchas industrias a nivel mundial.&#xd;
Actualmente la economía rompe fronteras buscando optimizar los procesos productivos reduciendo al&#xd;
máximo los costos de producción, estableciendo centros productivos en lugares cercanos a las&#xd;
materias primas de bajo costo, optimizando la transportación y logística para mantener los ahorros&#xd;
que se obtuvieron en la producción. Alcanzando mercados de alto consumo donde estos vienes&#xd;
pueden ofrecer la mayor rentabilidad y mejores precios de venta, generando así mayores utilidades&#xd;
para la propiedad privada y personalidades morales.</subfield>
   </datafield>
   <datafield tag="653" ind2=" " ind1=" ">
      <subfield code="a">Àrees temàtiques de la UPC::Economia i organització d'empreses</subfield>
   </datafield>
   <datafield tag="653" ind2=" " ind1=" ">
      <subfield code="a">Globalization of the world economy</subfield>
   </datafield>
   <datafield tag="653" ind2=" " ind1=" ">
      <subfield code="a">Macroeconomics</subfield>
   </datafield>
   <datafield tag="653" ind2=" " ind1=" ">
      <subfield code="a">International economic relations</subfield>
   </datafield>
   <datafield tag="653" ind2=" " ind1=" ">
      <subfield code="a">Economia internacional</subfield>
   </datafield>
   <datafield tag="653" ind2=" " ind1=" ">
      <subfield code="a">Macroeconomia</subfield>
   </datafield>
   <datafield tag="653" ind2=" " ind1=" ">
      <subfield code="a">Globalització (Economia)</subfield>
   </datafield>
   <datafield ind2="0" ind1="0" tag="245">
      <subfield code="a">La cadena de valor e importancia competitiva de las incubadoras y aceleradoras empresariales</subfield>
   </datafield>
</record></metadata></record></GetRecord></OAI-PMH>